| 000 -CABECERA |
| Longitud fija campo de control |
00655nam a2200193 a 4500 |
| 001 - NÚMERO DE CONTROL |
| Número de control |
5835 |
| 003 - IDENTIFICADOR DEL NÚMERO DE CONTROL |
| Identificador del número de control |
CDMR |
| 005 - FECHA Y HORA DE LA ÚLTIMA TRANSACCIÓN |
| Fecha y hora de la última transacción |
20131213155402.0 |
| 008 - CÓDIGOS DE INFORMACIÓN DE LONGITUD FIJA |
| Códigos de información de longitud fija |
130220s2005||||||||||||||||||||||||||||d |
| 040 ## - FUENTE DE LA CATALOGACIÓN |
| Centro catalogador de origen |
CDMR |
| Lengua de catalogación |
cat |
| Centro transcriptor |
CDMR |
| 100 1# - PUNTO DE ACCESO PRINCIPAL-NOMBRE DE PERSONA |
| Nombre de persona |
García Mongay, Fernando |
| 9 (RLIN) |
2863 |
| 245 13 - MENCIÓN DE TÍTULO |
| Título |
Un día con Jon Lee Anderson |
| Mención de responsabilidad, etc. |
Fernando García Mongay ; prólogo de Javier Martín |
| 260 ## - PUBLICACIÓN, DISTRIBUCIÓN, ETC. (PIE DE IMPRENTA) |
| Lugar de publicación, distribución, etc. |
Zaragoza |
| Nombre del editor, distribuidor, etc. |
Asociación de la prensa de Aragón |
| Fecha de publicación, distribución, etc. |
2005 |
| 300 ## - DESCRIPCIÓN FÍSICA |
| Extensión |
81 p. ; |
| Dimensiones |
17 cm |
| 505 ## - NOTA DE CONTENIDO CON FORMATO |
| Nota de contenido con formato |
Conté: De Bagdad a Huesca : entre dos campos de batalla históricos / Jon Lee Anderson |
| 600 1# - PUNTO DE ACCESO ADICIONAL DE MATERIA - NOMBRE DE PERSONA |
| 9 (RLIN) |
2868 |
| Nombre de persona |
Anderson, Jon Lee |
| 700 1# - PUNTO DE ACCESO ADICIONAL - NOMBRE DE PERSONA |
| 9 (RLIN) |
2868 |
| Nombre de persona |
Anderson, Jon Lee |
| 942 ## - ENTRADA DE ELEMENTOS AGREGADOS (KOHA) |
| Koha [por defecto] tipo de item |
Monografies |
| Fuente de clasificaión o esquema |
|